Apuntes para la historia del español en Chile

محفوظ في:
التفاصيل البيبلوغرافية
المؤلف الرئيسي: Cartagena Rondanelli, Nelson (مؤلف)
التنسيق: كتاب
اللغة:الإسبانية
منشور في: Santiago Cuadernos de la Academia Chilena de la Lengua 2002
سلاسل:Estudios Idiomáticos, 4
الموضوعات:
الوسوم: إضافة وسم
لا توجد وسوم, كن أول من يضع وسما على هذه التسجيلة!

MARC

LEADER 00000cam a2200000 a 4500
001 UCH6475
003 CL-VaPUC
008 091109e20020000CL |||||||||||||||||spa|d
082 0 4 |a 460  |b CAR  |2 21 
100 0 |a Cartagena Rondanelli, Nelson  |e author  |9 543026 
245 1 0 |a Apuntes para la historia del español en Chile 
300 |a 91 p 
942 |c BK 
945 |d 20091109 00:00:00  |a ccalabra 
260 |a Santiago  |b Cuadernos de la Academia Chilena de la Lengua  |c 2002 
650 0 |a Lingüística  |9 265068 
650 0 |a Gramática española  |9 403055 
650 0 |a Fonética  |9 308371 
650 0 |a Lengua española  |9 314728 
650 0 |a Educación  |9 258661 
650 7 |a CASTELLANO  |2 CL-VaPUC  |9 346426 
651 7 |a CHILE  |2 CL-VaPUC  |9 543027 
583 |a last modification  |c 20120620 12:52:45  |k Rodrigo Vera 
490 0 |a Estudios Idiomáticos, 4 
999 |c 337356  |d 337354 
952 |0 0  |1 0  |4 0  |6 460_000000000000000_CAR_2002  |7 0  |8 A  |9 429769  |a BIBART  |b BIBART  |d 2019-11-22  |i 4811755  |o 460 CAR 2002  |p 4811755  |r 2025-03-13  |w 2019-11-22  |y BK  |k ART